[Event "Moscow VAO IM 07"]
[Site "Moscow"]
[Date "2016.07.10"]
[Round "4"]
[White "Bagirov, Rufat"]
[Black "Erzhanov, Arman"]
[Result "1/2-1/2"]
[WhiteElo "2441"]
[BlackElo "2291"]
[PlyCount "40"]
[EventDate "2016.07.08"]
[EventType "tourn"]
[EventRounds "11"]
[EventCountry "RUS"]
[SourceTitle "EXT 2018"]
[Source "ChessBase"]
[SourceDate "2017.10.13"]
[SourceVersion "1"]
[SourceVersionDate "2017.10.13"]
[SourceQuality "1"]

1. d4 d5 2. Nf3 Nf6 3. c4 c6 4. Nc3 dxc4 5. Ne5 Nbd7 6. Nxc4 Nb6 7. Ne5 Bf5 8. f3 e6 9. e4 Bg6 10. Be3 Be7 11. Be2 0-0 12. 0-0 Nfd7 13. Nxg6 hxg6 14. Qd2 Qc7 15. Rfd1 Rfd8 16. Rac1 Rac8 17. Bf4 e5 18. Bg3 Qb8 19. Qe3 Bd6 20. Kh1 exd4 1/2-1/2

[Event "Moscow VAO GM 11"]
[Site "Moscow"]
[Date "2015.11.??"]
[Round "5"]
[White "Bagirov, Rufat"]
[Black "Alikulov, Elbek"]
[Result "1/2-1/2"]
[WhiteElo "2454"]
[BlackElo "2385"]
[PlyCount "22"]
[EventDate "2015.11.17"]
[EventType "tourn"]
[EventRounds "13"]
[EventCountry "RUS"]
[EventCategory "7"]
[SourceTitle "EXT 2018"]
[Source "ChessBase"]
[SourceDate "2017.10.13"]
[SourceVersion "1"]
[SourceVersionDate "2017.10.13"]
[SourceQuality "1"]

1. d4 Nf6 2. c4 g6 3. Nc3 Bg7 4. Nf3 0-0 5. Bg5 c5 6. d5 d6 7. e3 h6 8. Bh4 g5 9. Bg3 Nh5 10. Nd2 Nxg3 11. hxg3 e6 1/2-1/2

[Event "Moscow VAO GM 11"]
[Site "Moscow"]
[Date "2015.11.??"]
[Round "3"]
[White "Bagirov, Rufat"]
[Black "Kazakouski, Valery"]
[Result "1/2-1/2"]
[WhiteElo "2454"]
[BlackElo "2342"]
[PlyCount "126"]
[EventDate "2015.11.17"]
[EventType "tourn"]
[EventRounds "13"]
[EventCountry "RUS"]
[EventCategory "7"]
[SourceTitle "EXT 2018"]
[Source "ChessBase"]
[SourceDate "2017.10.13"]
[SourceVersion "1"]
[SourceVersionDate "2017.10.13"]
[SourceQuality "1"]

1. d4 e6 2. Nf3 c5 3. e3 Nf6 4. c4 Be7 5. Nc3 0-0 6. d5 d6 7. Be2 exd5 8. cxd5 Bg4 9. Nd2 Bxe2 10. Qxe2 Na6 11. 0-0 Nc7 12. e4 Re8 13. a4 Bf8 14. Qd3 Na6 15. Nc4 Nb4 16. Qf3 Nd7 17. Bf4 Nb6 18. b3 Nxc4 19. bxc4 g6 20. Rac1 a6 21. Qg3 h5 22. Bg5 Qd7 23. f4 Bg7 24. f5 Bd4+ 25. Kh1 Kg7 26. Bf4 Rad8 27. fxg6 fxg6 28. Qg5 Nd3 29. Ne2 Nxc1 30. Bxc1 Rf8 31. Nf4 Qg4 32. Qxg4 hxg4 33. Ne6+ Kg8 34. Rxf8+ Rxf8 35. Nxf8 Kxf8 36. Bf4 Ke7 37. h3 gxh3 38. gxh3 Bc3 39. Kg2 Ba5 40. Kf3 Bc7 41. Bg5+ Kf7 42. Kg4 Ba5 43. Bf4 Bc7 44. Bd2 Bd8 45. Bc3 Bc7 46. Kf4 Ke7 47. e5 dxe5+ 48. Bxe5 Ba5 49. Kg5 Kf7 50. Bd6 Bd2+ 51. Kg4 Bb4 52. Kf4 Bd2+ 53. Ke5 Bc3+ 54. Ke4 Bb4 55. Bc7 Ke7 56. Kf4 Bc3 57. Kg5 Kf7 58. Bb6 Bd2+ 59. Kg4 Be3 60. Kf3 Bd4 61. Ke4 Ke7 62. Kd3 Kd6 63. Ke4 Ke7 1/2-1/2

[Event "Moscow VAO GM 11"]
[Site "Moscow"]
[Date "2015.11.??"]
[Round "11"]
[White "Bagirov, Rufat"]
[Black "Khruschiov, Alexey"]
[Result "1/2-1/2"]
[WhiteElo "2454"]
[BlackElo "2430"]
[PlyCount "20"]
[EventDate "2015.11.17"]
[EventType "tourn"]
[EventRounds "13"]
[EventCountry "RUS"]
[EventCategory "7"]
[SourceTitle "EXT 2018"]
[Source "ChessBase"]
[SourceDate "2017.10.13"]
[SourceVersion "1"]
[SourceVersionDate "2017.10.13"]
[SourceQuality "1"]

1. d4 Nf6 2. Nf3 g6 3. Bg5 Bg7 4. Nbd2 0-0 5. c3 d6 6. e4 c5 7. dxc5 dxc5 8. Bc4 Nc6 9. 0-0 h6 10. Bh4 Nh5 1/2-1/2

[Event "Moscow VAO GM 11"]
[Site "Moscow"]
[Date "2015.11.??"]
[Round "6"]
[White "Golubev, Roman"]
[Black "Bagirov, Rufat"]
[Result "1/2-1/2"]
[WhiteElo "2373"]
[BlackElo "2454"]
[PlyCount "28"]
[EventDate "2015.11.17"]
[EventType "tourn"]
[EventRounds "13"]
[EventCountry "RUS"]
[EventCategory "7"]
[SourceTitle "EXT 2018"]
[Source "ChessBase"]
[SourceDate "2017.10.13"]
[SourceVersion "1"]
[SourceVersionDate "2017.10.13"]
[SourceQuality "1"]

1. e4 e5 2. Nf3 Nc6 3. Bc4 Bc5 4. c3 Nf6 5. d3 a6 6. 0-0 Ba7 7. d4 d6 8. dxe5 Nxe5 9. Nxe5 dxe5 10. Qxd8+ Kxd8 11. Nd2 Ke7 12. Nf3 Nxe4 13. Nxe5 Be6 14. Bf4 Rhe8 1/2-1/2

[Event "Moscow VAO GM 11"]
[Site "Moscow"]
[Date "2015.11.??"]
[Round "8"]
[White "Soozankar, Amir Mohammad"]
[Black "Bagirov, Rufat"]
[Result "1/2-1/2"]
[WhiteElo "2284"]
[BlackElo "2454"]
[PlyCount "35"]
[EventDate "2015.11.17"]
[EventType "tourn"]
[EventRounds "13"]
[EventCountry "RUS"]
[EventCategory "7"]
[SourceTitle "EXT 2018"]
[Source "ChessBase"]
[SourceDate "2017.10.13"]
[SourceVersion "1"]
[SourceVersionDate "2017.10.13"]
[SourceQuality "1"]

1. e4 e6 2. d4 d5 3. exd5 exd5 4. Nf3 Nc6 5. Bb5 Bd6 6. c4 dxc4 7. d5 a6 8. Ba4 b5 9. dxc6 bxa4 10. 0-0 Ne7 11. Qxa4 0-0 12. Nbd2 c3 13. Ne4 cxb2 14. Bxb2 Rb8 15. Nxd6 Rxb2 16. Nxc8 Qxc8 17. Qa3 Re2 18. Nd4 1/2-1/2

[Event "Moscow VAO IM 07"]
[Site "Moscow"]
[Date "2014.??.??"]
[Round "7"]
[White "Bagirov, Rufat"]
[Black "Saulin, Dmitri"]
[Result "1/2-1/2"]
[WhiteElo "2457"]
[BlackElo "2445"]
[PlyCount "32"]
[EventDate "2014.07.06"]
[EventType "tourn"]
[EventRounds "9"]
[EventCountry "RUS"]
[EventCategory "6"]
[SourceTitle "EXT 2015"]
[Source "ChessBase"]
[SourceDate "2014.11.20"]
[SourceVersion "1"]
[SourceVersionDate "2014.11.20"]
[SourceQuality "1"]

1. d4 Nf6 2. c4 g6 3. Nc3 Bg7 4. e4 d6 5. h3 0-0 6. Bg5 c5 7. d5 b5 8. cxb5 a6 9. a4 Qa5 10. Bd2 Qb4 11. Bd3 c4 12. Na2 Qxb2 13. Bc3 Qa3 14. Bc2 axb5 15. Bb4 Qb2 16. Bc3 Qa3 1/2-1/2

[Event "Moscow VAO IM 07"]
[Site "Moscow"]
[Date "2014.??.??"]
[Round "4"]
[White "Sychev, Klementy"]
[Black "Bagirov, Rufat"]
[Result "1/2-1/2"]
[WhiteElo "2385"]
[BlackElo "2457"]
[PlyCount "95"]
[EventDate "2014.07.06"]
[EventType "tourn"]
[EventRounds "9"]
[EventCountry "RUS"]
[EventCategory "6"]
[SourceTitle "EXT 2015"]
[Source "ChessBase"]
[SourceDate "2014.11.20"]
[SourceVersion "1"]
[SourceVersionDate "2014.11.20"]
[SourceQuality "1"]

1. d4 d5 2. c4 e6 3. Nf3 Nf6 4. Nc3 Bb4 5. cxd5 exd5 6. Bg5 Nbd7 7. e3 c5 8. dxc5 Qa5 9. Rc1 Bxc3+ 10. bxc3 0-0 11. Nd4 Ne4 12. Bf4 Qxa2 13. Be2 Qa3 14. 0-0 Qxc5 15. c4 Nb6 16. Nb5 Nxc4 17. Nc7 Be6 18. Nxa8 Rxa8 19. Be5 b5 20. Bd4 Qc6 21. Ba1 a5 22. Qd4 f6 23. Rfd1 Nc5 24. Rb1 a4 25. Qf4 Nb3 26. e4 dxe4 27. Bxf6 gxf6 28. Qxf6 Rf8 29. Rd8 Rxd8 30. Qxd8+ Kg7 31. Qg5+ Kf8 32. Rd1 Ncd2 33. Bxb5 Qd5 34. Qxd5 Bxd5 35. Bxa4 Bc4 36. Bxb3 Nxb3 37. Rd7 h5 38. Rb7 Nd4 39. h3 Nf5 40. Rc7 Bf7 41. Rc5 Nd6 42. Rc3 Nc4 43. Kf1 Ke7 44. Ke2 Kd6 45. f3 e3 46. h4 Ke5 47. Rxc4 Bxc4+ 48. Kxe3 1/2-1/2

[Event "Moscow VAO IM 12"]
[Site "Moscow"]
[Date "2013.12.09"]
[Round "5"]
[White "Glek, Igor Vladimirovich"]
[Black "Bagirov, Rufat"]
[Result "1/2-1/2"]
[WhiteElo "2463"]
[BlackElo "2461"]
[PlyCount "41"]
[EventDate "2013.12.07"]
[EventType "tourn"]
[EventRounds "9"]
[EventCountry "RUS"]
[EventCategory "5"]
[SourceTitle "CBM 158 Extra"]
[Source "ChessBase"]
[SourceDate "2014.02.28"]
[SourceVersion "1"]
[SourceVersionDate "2014.02.28"]
[SourceQuality "1"]

1. e4 e6 2. d4 d5 3. Nd2 Nf6 4. e5 Nfd7 5. c3 c5 6. Bd3 Nc6 7. Ne2 cxd4 8. cxd4 f6 9. exf6 Nxf6 10. Nf3 Bd6 11. Bg5 0-0 12. 0-0 Qc7 13. Bh4 Nh5 14. Qc2 h6 15. Bh7+ Kh8 16. Bg6 Rxf3 17. Bxh5 Rf8 18. Bg3 Bd7 19. Rad1 Be8 20. Bxe8 Raxe8 21. Nc3 1/2-1/2

[Event "Moscow VAO IM 12"]
[Site "Moscow"]
[Date "2013.12.07"]
[Round "2"]
[White "Bagirov, Rufat"]
[Black "Prosviriakov, Vladimir"]
[Result "1/2-1/2"]
[WhiteElo "2461"]
[BlackElo "2282"]
[PlyCount "40"]
[EventDate "2013.12.07"]
[EventType "tourn"]
[EventRounds "9"]
[EventCountry "RUS"]
[EventCategory "5"]
[SourceTitle "CBM 158 Extra"]
[Source "ChessBase"]
[SourceDate "2014.02.28"]
[SourceVersion "1"]
[SourceVersionDate "2014.02.28"]
[SourceQuality "1"]

1. d4 d5 2. Nf3 Nf6 3. c4 c6 4. Nc3 Qb6 5. c5 Qc7 6. g3 Bg4 7. Ne5 Bf5 8. Bg2 Nbd7 9. Bf4 Qc8 10. 0-0 Nxe5 11. Bxe5 e6 12. b4 Be7 13. b5 0-0 14. a4 Nd7 15. Bf4 e5 16. dxe5 Nxc5 17. e4 Nxe4 18. Nxe4 Bxe4 19. Bxe4 dxe4 20. Qe2 Rd8 1/2-1/2

[Event "Moscow Victory Day"]
[Site "Moscow"]
[Date "2012.06.10"]
[Round "9"]
[White "Bagirov, Rufat"]
[Black "Kunin, Vitaly L"]
[Result "1/2-1/2"]
[WhiteElo "2461"]
[BlackElo "2513"]
[PlyCount "48"]
[EventDate "2012.06.01"]
[EventType "tourn"]
[EventRounds "9"]
[EventCountry "RUS"]
[EventCategory "9"]
[SourceTitle "CBM 148 Extra"]
[Source "ChessBase"]
[SourceDate "2012.06.22"]
[SourceVersion "1"]
[SourceVersionDate "2012.06.22"]
[SourceQuality "1"]

1. d4 d5 2. Nf3 Nf6 3. c4 e6 4. Nc3 Be7 5. Bg5 h6 6. Bh4 0-0 7. e3 b6 8. Bxf6 Bxf6 9. cxd5 exd5 10. Bd3 c6 11. 0-0 Re8 12. Rc1 Qd6 13. a3 Bb7 14. b4 a5 15. Qb3 Nd7 16. h3 g6 17. bxa5 Rxa5 18. a4 Ba6 19. Bxa6 Rxa6 20. Rc2 Be7 21. Rfc1 Qb4 22. Rb1 Qd6 23. Rbc1 Qb4 24. Rb1 Qd6 1/2-1/2

[Event "Moscow Victory Day"]
[Site "Moscow"]
[Date "2012.06.06"]
[Round "5"]
[White "Bagirov, Rufat"]
[Black "Mozharov, Mikhail"]
[Result "1/2-1/2"]
[WhiteElo "2461"]
[BlackElo "2493"]
[PlyCount "82"]
[EventDate "2012.06.01"]
[EventType "tourn"]
[EventRounds "9"]
[EventCountry "RUS"]
[EventCategory "9"]
[SourceTitle "CBM 148 Extra"]
[Source "ChessBase"]
[SourceDate "2012.06.22"]
[SourceVersion "1"]
[SourceVersionDate "2012.06.22"]
[SourceQuality "1"]

1. d4 d5 2. Bg5 f6 3. Bh4 Nh6 4. f3 c5 5. dxc5 e6 6. Bf2 Qc7 7. e4 dxe4 8. fxe4 Nd7 9. Bb5 Be7 10. Qh5+ Nf7 11. Nc3 0-0 12. Bxd7 Bxd7 13. Nf3 b6 14. cxb6 axb6 15. 0-0 Bb4 16. e5 Bxc3 17. bxc3 Nxe5 18. Nxe5 fxe5 19. Qe2 Rf5 20. Qe3 Raf8 21. Bg3 Rxf1+ 22. Rxf1 Rxf1+ 23. Kxf1 Qc4+ 24. Ke1 Qxa2 25. Bxe5 Qd5 26. Qg5 Qe4+ 27. Kd2 Qg6 28. Qd8+ Be8 29. g4 b5 30. h4 Qf7 31. Ke3 h6 32. g5 hxg5 33. Qxg5 Kh7 34. Qf4 Qxf4+ 35. Kxf4 Bg6 36. Bd6 Bxc2 37. Ke5 Bf5 38. Be7 Kg6 39. Bd8 Kh5 40. Kf4 g6 41. Bf6 g5+ 1/2-1/2

[Event "Moscow Victory Day"]
[Site "Moscow"]
[Date "2012.06.04"]
[Round "4"]
[White "Belous, Vladimir"]
[Black "Bagirov, Rufat"]
[Result "1-0"]
[WhiteElo "2518"]
[BlackElo "2461"]
[PlyCount "73"]
[EventDate "2012.06.01"]
[EventType "tourn"]
[EventRounds "9"]
[EventCountry "RUS"]
[EventCategory "9"]
[SourceTitle "CBM 148 Extra"]
[Source "ChessBase"]
[SourceDate "2012.06.22"]
[SourceVersion "1"]
[SourceVersionDate "2012.06.22"]
[SourceQuality "1"]

1. c4 e6 2. Nf3 d5 3. g3 Nf6 4. Bg2 dxc4 5. 0-0 c6 6. a4 a5 7. Na3 Bxa3 8. bxa3 0-0 9. Qc2 Qd6 10. Qxc4 e5 11. Bb2 Nbd7 12. d3 h6 13. Nd2 Re8 14. Qc2 Nb6 15. Rab1 Bg4 16. Rfe1 Nbd7 17. Ba1 Rab8 18. Qc3 Qc7 19. Nc4 b6 20. h3 Bh5 21. e4 Nh7 22. d4 f6 23. dxe5 fxe5 24. f4 Re7 25. Ne3 Nc5 26. Nf5 Re6 27. Bf1 Bf7 28. Bc4 Rbe8 29. Bxe6 Rxe6 30. Rbd1 Nf6 31. Qd2 Nfxe4 32. Qd8+ Qxd8 33. Rxd8+ Kh7 34. Bxe5 Bg6 35. Nd4 Re8 36. Rxe8 Bxe8 37. Bc7 1-0

[Event "EU-ch 12th"]
[Site "Aix les Bains"]
[Date "2011.04.01"]
[Round "10"]
[White "Ptacnikova, Lenka"]
[Black "Bagirov, Rufat"]
[Result "1/2-1/2"]
[WhiteElo "2307"]
[BlackElo "2476"]
[PlyCount "79"]
[EventDate "2011.03.22"]
[EventType "swiss"]
[EventRounds "11"]
[EventCountry "FRA"]
[SourceTitle "CBM 142 Extra"]
[Source "ChessBase"]
[SourceDate "2011.06.27"]
[SourceVersion "1"]
[SourceVersionDate "2011.06.27"]
[SourceQuality "1"]

1. e4 e6 2. d4 d5 3. Nd2 Nf6 4. e5 Nfd7 5. c3 c5 6. Bd3 Nc6 7. Ne2 cxd4 8. cxd4 f6 9. exf6 Nxf6 10. Nf3 Bd6 11. 0-0 Qc7 12. Nc3 a6 13. Be3 0-0 14. Rc1 Bd7 15. Re1 Qa5 16. h3 Rac8 17. a3 Qd8 18. b4 Na7 19. Ne5 Nb5 20. Nxd7 Nxc3 21. Nxf6+ Qxf6 22. Qb3 Nb5 23. Qb2 Na7 24. Rxc8 Rxc8 25. Rc1 Qf8 26. Rxc8 Nxc8 27. Qe2 g6 28. h4 Qf7 29. g4 Ne7 30. h5 gxh5 31. gxh5 Nf5 32. Qc2 Kg7 33. Qc8 Nxe3 34. fxe3 Kh6 35. Kg2 Kxh5 36. Qd8 Qg7+ 37. Kf1 Be7 38. Qc7 Qf7+ 39. Kg2 Qg7+ 40. Kf1 1/2-1/2

[Event "EU-ch 12th"]
[Site "Aix les Bains"]
[Date "2011.03.25"]
[Round "4"]
[White "Cherednichenko, Svetlana"]
[Black "Bagirov, Rufat"]
[Result "0-1"]
[WhiteElo "2278"]
[BlackElo "2476"]
[PlyCount "104"]
[EventDate "2011.03.22"]
[EventType "swiss"]
[EventRounds "11"]
[EventCountry "FRA"]
[SourceTitle "CBM 142 Extra"]
[Source "ChessBase"]
[SourceDate "2011.06.27"]
[SourceVersion "1"]
[SourceVersionDate "2011.06.27"]
[SourceQuality "1"]

1. d4 d5 2. c4 e6 3. Nf3 Nf6 4. Nc3 Bb4 5. cxd5 exd5 6. Bg5 Nbd7 7. e3 c5 8. Bd3 Qa5 9. 0-0 c4 10. Bc2 0-0 11. Ne5 Bxc3 12. Nxd7 Nxd7 13. bxc3 Re8 14. Qe1 Nf8 15. f3 Ne6 16. f4 Bd7 17. Rf3 Nxg5 18. fxg5 g6 19. Qf2 Re7 20. Rf1 Rf8 21. Rf6 Qxa2 22. h4 Ba4 23. Bxa4 Qxa4 24. h5 Qe8 25. hxg6 hxg6 26. Rf3 Re4 27. Rh3 Qd8 28. Qg3 Qb8 29. Qf2 Qd6 30. g3 Re6 31. Qh2 f5 32. gxf6 Rexf6 33. Rh8+ Kf7 34. Qh7+ Ke8 35. Rxf6 Qxf6 36. Rxf8+ Kxf8 37. Qxb7 Qf3 38. Qb8+ Kg7 39. Qxa7+ Kh6 40. Qe7 Qxg3+ 41. Kf1 Qf3+ 42. Kg1 Kh5 43. Qe8 Kg5 44. Kh2 Kf5 45. Kg1 g5 46. Qe5+ Kg4 47. Qe6+ Qf5 48. Qh6 Kf3 49. Qh1+ Kxe3 50. Qh3+ Qf3 51. Qh6 Qg3+ 52. Kh1 Qh4+ 0-1

[Event "AZE-ch"]
[Site "Baku"]
[Date "2011.01.27"]
[Round "7"]
[White "Mammadov, Zaur Fazahir Oglu"]
[Black "Bagirov, Rufat"]
[Result "0-1"]
[WhiteElo "2443"]
[BlackElo "2471"]
[PlyCount "218"]
[EventDate "2011.01.21"]
[EventType "tourn"]
[EventRounds "11"]
[EventCountry "AZE"]
[EventCategory "10"]
[SourceTitle "CBM 140 Extra"]
[Source "ChessBase"]
[SourceDate "2011.03.01"]
[SourceVersion "1"]
[SourceVersionDate "2011.03.01"]
[SourceQuality "1"]

1. e4 e6 2. d4 d5 3. Nc3 Nf6 4. Bg5 Be7 5. e5 Nfd7 6. h4 h6 7. Bxe7 Qxe7 8. Nb5 Nb6 9. Qg4 0-0 10. 0-0-0 a6 11. Nc3 c5 12. dxc5 Qxc5 13. Rh3 f5 14. exf6 Rxf6 15. Rg3 Qf8 16. Qd4 N6d7 17. Rf3 Nc6 18. Qd2 Nc5 19. Qe3 d4 20. Rxd4 Nxd4 21. Qxd4 b6 22. b4 Nd7 23. Bd3 Rxf3 24. Nxf3 Qf6 25. Qe4 Rb8 26. Qc6 Qf4+ 27. Kd1 Nf6 28. Ne2 Qxb4 29. Qc7 Nd7 30. Ned4 Qc5 31. Qg3 Bb7 32. Nxe6 Bxf3+ 33. Qxf3 Qe5 34. Nf4 b5 35. Ng6 Qd6 36. Qe3 Nf8 37. Ne7+ Kh8 38. Nf5 Qf6 39. g4 Rd8 40. h5 Ne6 41. Nh4 Qxh4 42. Qxe6 Qf6 43. Qe4 Kg8 44. Ke2 Kf8 45. Kf1 Qa1+ 46. Kg2 Qxa2 47. Qb4+ Kg8 48. Qe7 Qd5+ 49. Kg1 Qd6 50. Qe4 Kf8 51. Qf3+ Ke7 52. Qb7+ Rd7 53. Qe4+ Qe6 54. Qf4 Qf6 55. Qe4+ Kf8 56. Qa8+ Ke7 57. Qe4+ Kd6 58. Qb4+ Kc6 59. Qe4+ Kb6 60. Qe3+ Qd4 61. Qe6+ Rd6 62. Qe2 a5 63. Kf1 a4 64. Qe8 Qd5 65. Qb8+ Ka5 66. Kg1 Re6 67. Qc7+ Kb4 68. Qf4+ Kc5 69. Qf8+ Qd6 70. Qxg7 Kb6 71. Qb2 Re1+ 72. Kg2 Qd5+ 73. f3 Qc5 74. Bf1 a3 75. Qf6+ Ka7 76. Qf7+ Re7 77. Qb3 b4 78. Bd3 Kb6 79. Qg8 Qd6 80. Qc4 Ka7 81. g5 Rc7 82. Qb5 hxg5 83. Qa5+ Kb8 84. Qb5+ Rb7 85. Qe8+ Kc7 86. h6 Rb8 87. Qf7+ Qd7 88. Qc4+ Qc6 89. Qf7+ Kb6 90. h7 g4 91. Qg8 Qxf3+ 92. Kg1 Qg3+ 93. Kh1 Qe5 94. Qg6+ Kc5 95. Qxg4 Qd5+ 96. Be4 Qe5 97. Bd3 Qd4 98. Qg3 Rc8 99. Qh3 Re8 100. Qg3 Qd5+ 101. Kg1 a2 102. Qc7+ Kd4 103. Qg7+ Qe5 104. Qg4+ Kc3 105. Qc4+ Kb2 106. Qxb4+ Kc1 107. Qa3+ Kd1 108. Be2+ Qxe2 109. Qd6+ Qd2 0-1

[Event "AZE-ch"]
[Site "Baku"]
[Date "2011.01.26"]
[Round "6"]
[White "Bagirov, Rufat"]
[Black "Guliev, Logman"]
[Result "1-0"]
[WhiteElo "2471"]
[BlackElo "2464"]
[PlyCount "79"]
[EventDate "2011.01.21"]
[EventType "tourn"]
[EventRounds "11"]
[EventCountry "AZE"]
[EventCategory "10"]
[SourceTitle "CBM 140 Extra"]
[Source "ChessBase"]
[SourceDate "2011.03.01"]
[SourceVersion "1"]
[SourceVersionDate "2011.03.01"]
[SourceQuality "1"]

1. d4 Nf6 2. Bg5 d5 3. Bxf6 exf6 4. e3 c6 5. c4 dxc4 6. Bxc4 Bd6 7. Nf3 0-0 8. 0-0 Nd7 9. h3 f5 10. Nc3 Nf6 11. Ne5 Bxe5 12. dxe5 Ne4 13. Qc2 Qd2 14. Qb3 Nxc3 15. bxc3 Qd7 16. Qa3 Qc7 17. f4 Be6 18. Bxe6 fxe6 19. Rfd1 Qb6 20. Kf2 Rfd8 21. Rab1 Qc7 22. Qb3 Qe7 23. Qxb7 Qxb7 24. Rxd8+ Rxd8 25. Rxb7 Rd2+ 26. Kf3 Rxa2 27. Rc7 a5 28. Rxc6 Kf7 29. Rc7+ Kf8 30. g4 Rh2 31. gxf5 exf5 32. e6 Rxh3+ 33. Ke2 Rh6 34. Rf7+ Ke8 35. Rxf5 a4 36. Re5 a3 37. Kf3 a2 38. Ra5 Rh2 39. Ra7 h5 40. c4 1-0

[Event "AZE-ch"]
[Site "Baku"]
[Date "2011.01.25"]
[Round "5"]
[White "Mamedov, Nidjat"]
[Black "Bagirov, Rufat"]
[Result "1-0"]
[WhiteElo "2580"]
[BlackElo "2471"]
[PlyCount "101"]
[EventDate "2011.01.21"]
[EventType "tourn"]
[EventRounds "11"]
[EventCountry "AZE"]
[EventCategory "10"]
[SourceTitle "CBM 140 Extra"]
[Source "ChessBase"]
[SourceDate "2011.03.01"]
[SourceVersion "1"]
[SourceVersionDate "2011.03.01"]
[SourceQuality "1"]

1. e4 e6 2. d4 d5 3. Nc3 Nf6 4. e5 Nfd7 5. f4 c5 6. Nf3 Nc6 7. Be3 cxd4 8. Nxd4 Bc5 9. Qd2 0-0 10. 0-0-0 a6 11. h4 Nxd4 12. Bxd4 b5 13. Bxc5 Nxc5 14. Qd4 Qb6 15. a3 Rb8 16. Rh3 b4 17. axb4 Qxb4 18. Na2 Qb6 19. b4 Ne4 20. Qxb6 Rxb6 21. Rf3 f6 22. exf6 gxf6 23. f5 Kg7 24. fxe6 Bxe6 25. Ra3 Nd6 26. Nc3 Nb5 27. Bxb5 axb5 28. Nxd5 Rc6 29. Ra7+ Kh6 30. Ne7 Rc4 31. Rd6 Bg4 32. Nd5 Rd4 33. c3 Rd3 34. Rc7 Rd1+ 35. Kc2 Rf1 36. Ne3 Rf4 37. g3 Re4 38. Kd3 Bf3 39. Rdd7 Rh8 40. Nf5+ Kh5 41. Nd4 Rhe8 42. Rxh7+ Kg4 43. Rhg7+ Kh3 44. Nxf3 Re3+ 45. Kc2 Rxf3 46. Rc5 Rb8 47. h5 Rxg3 48. h6 Rxg7 49. hxg7 Rg8 50. Rf5 Rxg7 51. Rxf6 1-0

[Event "AZE-ch"]
[Site "Baku"]
[Date "2011.01.24"]
[Round "4"]
[White "Bagirov, Rufat"]
[Black "Mirzoev, Azer"]
[Result "1/2-1/2"]
[WhiteElo "2471"]
[BlackElo "2563"]
[PlyCount "53"]
[EventDate "2011.01.21"]
[EventType "tourn"]
[EventRounds "11"]
[EventCountry "AZE"]
[EventCategory "10"]
[SourceTitle "CBM 140 Extra"]
[Source "ChessBase"]
[SourceDate "2011.03.01"]
[SourceVersion "1"]
[SourceVersionDate "2011.03.01"]
[SourceQuality "1"]

1. d4 d5 2. Bg5 h6 3. Bh4 c6 4. Nf3 Qb6 5. b3 Bf5 6. e3 e6 7. Bd3 Bxd3 8. Qxd3 Nd7 9. 0-0 Be7 10. Bg3 Ngf6 11. c4 Qa6 12. Nbd2 0-0 13. e4 Rad8 14. e5 Nh5 15. Qc3 Nxg3 16. hxg3 dxc4 17. bxc4 Nb6 18. c5 Nd5 19. Qc2 b6 20. Ne4 Nb4 21. Qc3 bxc5 22. dxc5 Nd5 23. Qc2 Nb4 24. Qc3 Nd5 25. Qc2 Nb4 26. Qc3 Nd5 27. Qc2 1/2-1/2

[Event "Baku Solidarity Day"]
[Site "Baku"]
[Date "2010.12.28"]
[Round "9.1"]
[White "Bajarani, Ulvi"]
[Black "Bagirov, Rufat"]
[Result "1/2-1/2"]
[WhiteElo "2413"]
[BlackElo "2470"]
[PlyCount "100"]
[EventDate "2010.12.22"]
[EventType "schev"]
[EventRounds "10"]
[EventCountry "AZE"]
[SourceTitle "CBM 140 Extra"]
[Source "ChessBase"]
[SourceDate "2011.03.01"]
[SourceVersion "1"]
[SourceVersionDate "2011.03.01"]
[SourceQuality "1"]
[WhiteTeam "Team B"]
[BlackTeam "Team A"]
[WhiteTeamCountry "AZE"]
[BlackTeamCountry "AZE"]

1. Nf3 Nf6 2. c4 e6 3. g3 d5 4. Bg2 dxc4 5. 0-0 a6 6. Na3 b5 7. Ne5 c6 8. Nxc6 Qc7 9. Nxb8 Rxb8 10. d3 Bb7 11. Bxb7 Qxb7 12. dxc4 Bxa3 13. bxa3 bxc4 14. Qa4+ Qb5 15. Rb1 Qxa4 16. Rxb8+ Kd7 17. Rxh8 Qc2 18. Re1 Nd5 19. Rb8 f5 20. Rb2 Qe4 21. f3 Qd4+ 22. e3 Qc3 23. Rbe2 Kc6 24. Bb2 Qd3 25. Bxg7 Qxa3 26. Rc2 Qd3 27. Rce2 Nb4 28. Kf1 e5 29. Bxe5 Qd5 30. Bc3 Nd3 31. e4 fxe4 32. fxe4 Qh5 33. Kg2 Qg4 34. Re3 Nxe1+ 35. Bxe1 Kd6 36. a4 h5 37. h4 Qd1 38. a5 Qd4 39. Kf2 Qf6+ 40. Ke2 Qb2+ 41. Kf3 Qh2 42. Bc3 Ke6 43. Re2 Qg1 44. Re1 Qh2 45. Re2 Qh1+ 46. Kf2 Qc1 47. Re3 Qh1 48. Re2 Qh2+ 49. Kf3 Qh1+ 50. Kf2 Qh2+ 1/2-1/2

[Event "Baku Solidarity Day"]
[Site "Baku"]
[Date "2010.12.27"]
[Round "8.2"]
[White "Bagirov, Rufat"]
[Black "Orujov, Shujaat Ismiali"]
[Result "1-0"]
[WhiteElo "2470"]
[BlackElo "2152"]
[PlyCount "69"]
[EventDate "2010.12.22"]
[EventType "schev"]
[EventRounds "10"]
[EventCountry "AZE"]
[SourceTitle "CBM 140 Extra"]
[Source "ChessBase"]
[SourceDate "2011.03.01"]
[SourceVersion "1"]
[SourceVersionDate "2011.03.01"]
[SourceQuality "1"]
[WhiteTeam "Team A"]
[BlackTeam "Team B"]
[WhiteTeamCountry "AZE"]
[BlackTeamCountry "AZE"]

1. d4 Nf6 2. Bg5 d5 3. Bxf6 exf6 4. e3 Bd6 5. g3 0-0 6. Bg2 c6 7. Nd2 Be6 8. Ne2 Re8 9. 0-0 Nd7 10. e4 dxe4 11. Nxe4 Bc7 12. Re1 f5 13. N4c3 Nf6 14. Qd3 g6 15. Rad1 Nd5 16. Nxd5 Bxd5 17. Bxd5 Qxd5 18. c4 Qd7 19. d5 Rad8 20. Nc3 Rxe1+ 21. Rxe1 Ba5 22. Rd1 Bxc3 23. dxc6 Qxd3 24. Rxd3 Rxd3 25. c7 Bxb2 26. c8Q+ Kg7 27. Qxb7 Bd4 28. Qb4 Rd1+ 29. Kg2 Rc1 30. c5 Bf6 31. h4 Rc2 32. h5 Rxa2 33. c6 Rc2 34. Qd6 Bd8 35. h6+ 1-0

[Event "Baku Solidarity Day"]
[Site "Baku"]
[Date "2010.12.24"]
[Round "4.1"]
[White "Bagirov, Rufat"]
[Black "Bajarani, Ulvi"]
[Result "0-1"]
[WhiteElo "2470"]
[BlackElo "2413"]
[PlyCount "74"]
[EventDate "2010.12.22"]
[EventType "schev"]
[EventRounds "10"]
[EventCountry "AZE"]
[SourceTitle "CBM 140 Extra"]
[Source "ChessBase"]
[SourceDate "2011.03.01"]
[SourceVersion "1"]
[SourceVersionDate "2011.03.01"]
[SourceQuality "1"]
[WhiteTeam "Team A"]
[BlackTeam "Team B"]
[WhiteTeamCountry "AZE"]
[BlackTeamCountry "AZE"]

1. d4 d5 2. Bg5 c5 3. dxc5 Nf6 4. Bxf6 gxf6 5. e3 e6 6. Nf3 Qa5+ 7. Nbd2 Rg8 8. a3 Qxc5 9. c4 Nc6 10. b4 Qd6 11. Qc2 f5 12. cxd5 exd5 13. g3 a5 14. b5 Ne7 15. Nd4 Bg7 16. N2f3 f4 17. Bg2 fxe3 18. 0-0 exf2+ 19. Qxf2 Be6 20. Rae1 Qb6 21. Kh1 0-0-0 22. Rc1+ Kd7 23. Nxe6 Qxf2 24. Rc7+ Kd6 25. Rxf2 fxe6 26. Rxb7 Rb8 27. Ra7 Rxb5 28. Bf1 Rb1 29. Kg2 Nc6 30. Ra6 Rgb8 31. Bd3 R1b2 32. Ng5 Rxf2+ 33. Kxf2 Bd4+ 34. Ke2 Rb2+ 35. Ke1 Bb6 36. a4 Nb8 37. Ra8 Kc7 0-1